| 000 | 00929nam a2200289 i 4500 | ||
|---|---|---|---|
| 003 | EG-GICUC | ||
| 005 | 20260208103740.0 | ||
| 008 | 260208s1931 ua ||||fr ||| 00| 0 fre d | ||
| 040 |
_aEG-GICUC _cEG-GICUC _dEG-GICUC _erda _bara |
||
| 041 | 0 | _afre | |
| 082 | 0 | 4 |
_221 _a341.851 _bGO . A |
| 092 | 0 | 4 | _221 |
| 099 | _aLaw1 12 341.851 GO . A 1931 | ||
| 110 |
_aGouvernement De S.M. Le Roi D’Égypte _eAuteur |
||
| 245 |
_aAnnexe “D” Au Mémoire / _cGouvernement De S.M. Le Roi D’Égypte . |
||
| 264 | 0 |
_aLe Caire : _bImprimerie Nationale , _c1931 . |
|
| 300 |
_a70 Pages; _c30 cm. |
||
| 336 |
_atext _2rda content |
||
| 337 |
_aComputer _2rda media |
||
| 338 |
_aOnline Resource _2rda carrier |
||
| 546 | _aTexte en français | ||
| 650 | 0 | 4 | _aDroit International Privé |
| 650 | 0 | 4 | _aArbitrage International |
| 856 | _uhttps://fll.law.cu.edu.eg/fulltext/th/B12-02462.pdf | ||
| 905 | _a59 | ||
| 942 |
_2ddc _cBK _e21 _n0 |
||
| 999 |
_c61513 _d61513 |
||